El ingenioso hidalgo don quijote de la mancha /

Guardado en:
Autor Principal: Cervantes Saavedra, Miguel de
Formato: Libro
Publicado: Madrid : Espasa Calpe, 1970
Edición:24a. ed.
Series:Austral, 50
Materias:
Etiquetas: Agregar Etiqueta
Sin Etiquetas, Sea el primero en etiquetar este registro!
LEADER 00716nam a22002175a 4500
001 CEM.cems001569
005 20060214000000.0
008 130507s1970##################000#0#####d
003 CEMS
082 0 4 |a 863.3 
100 1 |a Cervantes Saavedra, Miguel de 
245 1 0 |a El ingenioso hidalgo don quijote de la mancha / 
250 |a 24a. ed. 
260 |a Madrid :  |b Espasa Calpe,  |c 1970 
300 |a 680 p. 
490 0 |a Austral, 50 
653 |a Literatura 
653 |a Novela española-siglo de oro 
859 |a CEMS  |b BIB. CEMS - 11 de abril  |h 863.3  |i C337-1a24  |p 4337.75  |t Ej.1 
859 |a CEMS  |b BIB. CEMS - 11 de abril  |h 863.3  |i C337-1a24  |p 4340.75  |t Ej.2 
859 |a CEMS  |b BIB. CEMS - 11 de abril  |h 863.3  |i C337-1a24  |p 4531.75  |t Ej.3